[Event "Golubitskaya"]
[Site "Golubitskaya"]
[Date "2017.07.26"]
[Round "9"]
[White "Doronin, Oleg"]
[Black "Dolzhenko, Alexander"]
[Result "0-1"]
[WhiteElo "2001"]
[BlackElo "2268"]
[PlyCount "46"]
[EventDate "2017.07.22"]
[EventType "tourn"]
[EventRounds "9"]
[EventCountry "RUS"]
[EventCategory "2"]
[SourceTitle "CBM 179 Extra"]
[Source "ChessBase"]
[SourceDate "2017.08.23"]
[SourceVersion "1"]
[SourceVersionDate "2017.08.23"]
[SourceQuality "1"]

1. e4 e5 2. f4 exf4 3. Nf3 d5 4. exd5 Nf6 5. c4 c6 6. dxc6 Nxc6 7. d4 Bb4+ 8. Nbd2 0-0 9. d5 Re8+ 10. Be2 Qb6 11. dxc6 Ng4 12. Rf1 Ne3 13. Qa4 Nxg2+ 14. Kd1 Ne3+ 15. Ke1 Nxf1 16. c5 Qxc5 17. cxb7 Rxe2+ 18. Kxe2 Qe3+ 19. Kd1 Bxb7 20. Qxb4 Bxf3+ 21. Nxf3 Qd3+ 22. Nd2 Ne3+ 23. Ke1 Nc2+ 0-1

[Event "Golubitskaya"]
[Site "Golubitskaya"]
[Date "2017.07.24"]
[Round "6"]
[White "Dolzhenko, Alexander"]
[Black "Tyunin, Vladislav"]
[Result "1/2-1/2"]
[WhiteElo "2268"]
[BlackElo "2222"]
[PlyCount "51"]
[EventDate "2017.07.22"]
[EventType "tourn"]
[EventRounds "9"]
[EventCountry "RUS"]
[EventCategory "2"]
[SourceTitle "CBM 179 Extra"]
[Source "ChessBase"]
[SourceDate "2017.08.23"]
[SourceVersion "1"]
[SourceVersionDate "2017.08.23"]
[SourceQuality "1"]

1. e4 c5 2. Nf3 e6 3. c3 d5 4. e5 d4 5. b4 cxb4 6. Nxd4 Nc6 7. Nxc6 bxc6 8. Qa4 Qd5 9. d4 Bd7 10. Qb3 bxc3 11. Qxd5 cxd5 12. Nxc3 Bb4 13. Bd2 Rc8 14. Rc1 Ne7 15. Bd3 Nf5 16. Bxf5 exf5 17. Ke2 Rc4 18. Kd3 Bxc3 19. Rxc3 Bb5 20. Rxc4 Bxc4+ 21. Ke3 Kd7 22. Rb1 Rc8 23. a3 Ba6 24. Kf4 Ke6 25. Rb2 Rc4 26. Rb4 1/2-1/2

[Event "Slaviansk na Kubani"]
[Site "Slaviansk na Kubani"]
[Date "2008.04.04"]
[Round "?"]
[White "Dolzhenko, Alexander"]
[Black "Pudovkin, Dmitry"]
[Result "1/2-1/2"]
[WhiteElo "2145"]
[BlackElo "2333"]
[PlyCount "93"]
[EventDate "2008.04.01"]
[EventType "tourn"]
[EventRounds "11"]
[EventCountry "RUS"]
[SourceTitle "EXT 2023"]
[Source "ChessBase"]
[SourceDate "2022.10.05"]
[SourceVersion "1"]
[SourceVersionDate "2022.10.05"]
[SourceQuality "1"]

1. e4 c5 2. Nf3 e6 3. Nc3 a6 4. d4 cxd4 5. Nxd4 Qc7 6. Be2 Nf6 7. 0-0 Nc6 8. Be3 Bb4 9. Bd3 Bd6 10. Nxc6 dxc6 11. f4 e5 12. f5 b5 13. Qe2 Bb7 14. a4 Rd8 15. Bf2 Qe7 16. Nd1 Bc5 17. Ne3 0-0 18. Kh1 Rd7 19. Bh4 Qd6 20. Bxf6 gxf6 21. Ng4 h5 22. Nf2 Kg7 23. Qxh5 Rh8 24. Qg4+ Kf8 25. Qf3 Ke7 26. Rad1 Qc7 27. Be2 Rhd8 28. Nd3 Bb6 29. b4 Rd4 30. c3 R4d7 31. Nc5 Bxc5 32. bxc5 bxa4 33. Rxd7+ Rxd7 34. Rd1 a3 35. Bc4 Rd8 36. Rxd8 Qxd8 37. Qh5 Qg8 38. Qd1 Qd8 39. Qb3 Bc8 40. Bxf7 Qd2 41. h3 Qc1+ 42. Kh2 Qf4+ 43. Kg1 Qe3+ 44. Kh1 Qc1+ 45. Kh2 Qf4+ 46. Kg1 Qe3+ 47. Kh1 1/2-1/2